000
00301nam a22001337a 4500
008
171019b xxu||||| |||| 00| 0 eng d
020
_a
9781285173221
041
_a
eng
080
_2
4TH
_a
338
100
_a
53
101
_a
MEN
245
_a
GENERALIST CASE MANAGEMENT
_c
WOODSIDE,M
942
_2
udc
_c
BK
999
_c
34856
_d
34856